00368nam a2200133 450000500170000010000310001724500520004826400290010030000180012933600220014733700240016933800240019399900170021720260530113902.01 aBrigitte Bjerrgaard93237110aDENMARK special / Denmark in the 21st Century 1bWorld Pictures ApSc2000 a200 páginas atexto2rdacontent asin medio2rdamedia avolumen2rdacarrier c11807d11807